00540nam a22001697a 4500020001800000040000900018082001400027100002400041110004800065245002800113250001600141260004300157650003600200942001200236999001900248952010300267 a9788131717189 cNUST a621.2 BEC aBeckwith, Thomas G. aLienhard, John H. Marangoni, Roy D.9112406 aMechanical Measurement  a6th Edition aNew Dehli:bPearson Education, c2011. aMechanical Measurement 9112407 2ddccBK c594791d594791 00102ddc4070aCEMEbCEMEcGENd2023-05-17l0o621.2 BECpCEME-45680r2023-05-17w2023-05-17yBK